| 000 | 01305cam a2200313 a 4500 | ||
|---|---|---|---|
| 001 | 2142812 | ||
| 003 | PILC | ||
| 005 | 20150903132646.0 | ||
| 008 | 980706s1998 nyu 000 1 eng | ||
| 010 | _a 98027859 | ||
| 020 | _a0679428461 | ||
| 040 |
_aDLC _cDLC _dDLC |
||
| 043 | _an-us--- | ||
| 050 | 0 | 0 |
_aPS 3563.C3694 _b.M6 1998 |
| 082 | 0 | 0 | _a813/.54 |
| 100 | 1 | _aMcInerney, Jay. | |
| 245 | 1 | 0 |
_aModel behavior : _ba novel and 7 stories / _cJay McInerney. |
| 250 | _a1st ed. | ||
| 260 |
_aNew York : _bAlfred A. Knopf, _c1998. |
||
| 300 |
_avii, 270 pages ; _c22 cm. |
||
| 505 | 0 | _aModel behavior -- The business -- Con doctor -- Smoke -- Getting in touch with Lonnie -- How it ended -- The queen and I -- Reunion. | |
| 651 | 0 |
_aUnited States _xSocial life and customs _y20th century _xFiction. |
|
| 856 | 4 | 2 |
_3Contributor biographical information _uhttp://www.loc.gov/catdir/bios/random058/98027859.html |
| 856 | 4 | 1 |
_3Sample text _uhttp://www.loc.gov/catdir/samples/random044/98027859.html |
| 856 | 4 | 2 |
_3Publisher description _uhttp://www.loc.gov/catdir/description/random049/98027859.html |
| 906 |
_a7 _bcbc _corignew _d1 _eocip _f19 _gy-gencatlg |
||
| 942 |
_2lcc _cBK _kFOR |
||
| 999 |
_c288592 _d288592 |
||